000 01572nam a22003017a 4500
001 8526
003 FISKH
005 20250917151639.0
008 250917b cb ||||| |||| 00| 0 eng d
020 _a9789996346354
040 _aFISKH
_bkhr
_cFISKH
_dFISKH
050 _aPZ7
082 _a590
100 _aChakriya, Vat
245 _aខ្លាមហាល្ងង់ :
_bThe stupid tiger /
_cរៀបរៀងដោយ អ្នកនាង វ៉ាត ចរិយា​, ពិនិត្យអក្ខរាវិរុទ្ធ អ្នកស្រី គឹមស៊ុន សុធារី
260 _aPhnom Penh :
_bReading Books ,
_c2015.
300 _a28 pages :
_bcolor illustrations ;
_c25 cm .
505 _aM
520 _aរឿងនេះមានបំនងអប់រំ និងទូន្មានកុមារអោយចេះរស់នៅទៅតាមជីវភាពជាក់ស្តែងរបស់ខ្លួន និងត្រូវហក់លោត រី ចេះតែយកតម្រាប់តាមអ្នកដទៃឡើយ។
520 _aThis story is intended to educated children to live with their actual education, not to have ambition or to imitate other people .
521 8 _a550
_bLexile estimate
521 8 _aM
_bRaz-Plus
650 _aខ្លាមហាល្ងង់
_vរឿងនិទានកុមារ
650 _aThe stupid tiger
_vChildren's stories
700 _aSaren, Koam
_eIllustrator
942 _2ddc
_cKHB
_n0
999 _c8526
_d8526